000 02295nam a22003857a 4500
003 BO-EaUP
005 20260508113217.0
008 260508b2022 ck a||||r|||| 00| 0 spa d
020 _a978-958-503-232-3
040 _aBO-EaUP
_bspa
_cBiblioteca admiempresas
_eRDA
041 _aspa
_hspa
082 _221
_a336.2
092 _a336.2
_SD885f
100 _aGodoy Ramírez, Eduardo
_eAutor
_967
245 _aGuía de impuestos ordinarios de las empresas /
_cEduardo Godoy R.
250 _aPrimera edición
260 _aBogotá :
_bEcoe Ediciones,
_c2022
300 _axvi, 261 páginas ;
_bilustraciones (blanco y negro), figuras, tablas ; Tapa blanda ;
_c17 x 24 centímetros ;
_gTamaño mediano
336 _2rdacontent
_atexto
_btxt
337 _2rdamedia
_ano mediado
_bn
338 _2rdacarrier
_avolumen
_bnc
505 2 _aCapítulo 1. Impuestos.- Origen.- Clasificación de los impuestos.- Devengo entre regímenes.-
505 2 _aCapítulo 2. Impuestos sobre las ventas-IVA (F.300).- Impuestos en cascada.- Causación o devengo.-
505 2 _aCapítulo 3. Retención en la fuente F.350.- Obligaciones del agente de retención.-
505 2 _aCapítulo 4. Impuestos de industria y comercio-ICA y retención del impuesto de industria y comercio.- Concepto del impuesto de industria y comercio.- Sanciones para R/ICA.-
520 _aEsta guía está enfocada en la elaboración de los formularios de los impuestos más comunes en las empresas con ejemplos y aplicaciones muy sencillas, por lo cual es un material de consulta práctico para contadores públicos y para el público en general que se quiera documentar sobre la aplicación de los impuestos en Colombia.
521 _aDirigido a estudiantes de diferentes niveles de formación (técnico, tecnológico, pregrado, etc.) y profesionales de Contabilidad, Economía, Ingeniería Industrial, Administración de Empresas, ya que abarca temas fundamentales en su carrera.
650 _aFINANZAS EMPRESARIALES
_91826
650 _aCOMPAÑIAS
_vimpuestos
_zColombia
_96225
650 _aEMPRESAS
_vimpuestos
_zColombia
_96226
653 _aESTADOS FINANCIEROS
653 _aREGÍMENES TRIBUTARIOS
856 _uhttps://www.ecoeediciones.com/wp-content/uploads/2022/02/9789585032330.pdf
942 _2ddc
_cBK
_n0
_e21
999 _c5522
_d5522